A Dictionary of Malaysian Timbers : by T.M. Wong & revised S.c Lim & R.C.K. Chung

Bibliographic Details
Main Author: Wong, T.M
Format: Book
Published: Kuala Lumpur : FRIM , 2002
Subjects:

MARC

LEADER 00000cam a2200000 7i4500
001 0000004148
005 20181226.0
020 0 0 |a 9832181291 
090 0 0 |a 634.9803   |b TIMB 2002 
100 0 0 |a Wong, T.M 
245 1 0 |a A Dictionary of Malaysian Timbers :   |b by T.M. Wong & revised S.c Lim & R.C.K. Chung 
260 0 0 |a Kuala Lumpur :   |b FRIM ,   |c 2002 
300 |a vii 201p. ;   |c 26 cm. 
500 0 0 |a Malayan Forest Records No. 30 
650 0 0 |a Timbers---Malaysia---Dictionary 
998 |a JPSM 
999 |a 008044   |b Monograph   |c Open Shelf   |e Default branch